[Event "Lichtenberger Sommer 2016"]
[Site "?"]
[Date "2016.08.21"]
[Round "9.5"]
[White "Ross, Chris N"]
[Black "Brümmel, Arend"]
[Result "1/2-1/2"]
[WhiteElo "2199"]
[BlackElo "2152"]
[PlyCount "80"]
[EventDate "2016.??.??"]
[WhiteTeam "Schachgemeinschaft Niederkasse"]
[BlackTeam "Stader SV"]

1. e4 c5 2. Nf3 d6 3. Bb5+ Nd7 4. O-O a6 5. Bxd7+ Bxd7 6. d4 cxd4 7. Qxd4 Rc8
8. Nc3 e5 9. Qd3 Nf6 10. Bg5 h6 11. Bxf6 Qxf6 12. Nd5 Qd8 13. Rfd1 Be6 14. c3
Rc6 15. Nd2 Be7 16. Nc4 Bg5 17. Nce3 Bxe3 18. Qxe3 O-O 19. Rd2 Bxd5 20. Rxd5
Qb6 21. Qd2 f5 22. exf5 Rxf5 23. Rd1 Rf6 24. g3 Qc7 25. a4 Kh8 26. Kg2 Qc8 27.
Qe2 Qc7 28. R1d3 Rc5 29. Qd1 Qf7 30. Rxc5 Rxf2+ 31. Kg1 dxc5 32. Rd8+ Kh7 33.
Qd3+ Qf5 34. Qxf5+ Rxf5 35. Rb8 b5 36. axb5 axb5 37. Rxb5 e4 38. b4 e3 39. bxc5
e2 40. Rb1 Rxc5 1/2-1/2

[Event "Lichtenberger Sommer 2016"]
[Site "?"]
[Date "2016.08.21"]
[Round "9.6"]
[White "Barath M"]
[Black "Dimitrijeski, Kristian"]
[Result "1-0"]
[WhiteElo "2107"]
[BlackElo "2212"]
[PlyCount "47"]
[EventDate "2016.??.??"]
[WhiteTeam "SC Zugzwang 95 (Berlin)"]
[BlackTeam "SK König Tegel"]

1. e4 e5 2. Nf3 Nc6 3. Bc4 Bc5 4. c3 Nf6 5. d3 d6 6. Bb3 a6 7. h3 h6 8. Nbd2
Ba7 9. Nf1 O-O 10. g4 d5 11. Qe2 dxe4 12. dxe4 Na5 13. Bc2 Qd6 14. Ng3 Bd7 15.
Nh4 Nc6 16. Nhf5 Bxf5 17. Nxf5 Qd7 18. Bxh6 gxh6 19. Rd1 Nd4 20. cxd4 Bxd4 21.
Qd2 Nh7 22. Qxh6 f6 23. Bb3+ Kh8 24. Be6 1-0

[Event "Lichtenberger Sommer 2016"]
[Site "?"]
[Date "2016.08.21"]
[Round "9.7"]
[White "George, Tom"]
[Black "Schulz, Michael"]
[Result "1-0"]
[WhiteElo "2044"]
[BlackElo "2120"]
[PlyCount "57"]
[EventDate "2016.??.??"]
[WhiteTeam "SG Stadtilm"]
[BlackTeam "SC Zitadelle Spandau"]

1. e4 e6 2. d4 d5 3. Nd2 Nf6 4. e5 Nfd7 5. Bd3 c5 6. c3 Nc6 7. Ne2 Qb6 8. Nf3
cxd4 9. cxd4 f6 10. O-O fxe5 11. dxe5 Ndxe5 12. Nxe5 Nxe5 13. Be3 Qd8 14. Bb5+
Bd7 15. Nd4 Qf6 16. Qh5+ Nf7 17. Rac1 Bd6 18. Bxd7+ Kxd7 19. Qd1 a6 20. Qb3
Rhb8 21. f4 Ke8 22. Rce1 Kf8 23. f5 e5 24. Ne6+ Kg8 25. Qxd5 Kh8 26. Rc1 h6 27.
Rc4 e4 28. Rxe4 Rg8 29. Bd4 1-0

[Event "Lichtenberger Sommer 2016"]
[Site "?"]
[Date "2016.08.21"]
[Round "9.8"]
[White "Koop, Thilo"]
[Black "Rosmann, Ilja"]
[Result "1/2-1/2"]
[WhiteElo "2156"]
[BlackElo "2289"]
[PlyCount "130"]
[EventDate "2016.??.??"]
[WhiteTeam "Lübecker SV"]
[BlackTeam "Königsspr. SC"]

1. d4 Nf6 2. Nc3 d5 3. Bg5 Nbd7 4. e3 e6 5. Nf3 Be7 6. Bd3 a6 7. O-O c5 8. Re1
O-O 9. Ne5 Nxe5 10. dxe5 Nd7 11. Bxe7 Qxe7 12. f4 f6 13. Qh5 f5 14. g4 g6 15.
Qh3 b5 16. gxf5 gxf5 17. Kf2 b4 18. Rg1+ Kh8 19. Rg5 Nxe5 20. Qh4 Ng6 21. Qh6
Qg7 22. Rxg6 Qxh6 23. Rxh6 bxc3 24. bxc3 c4 25. Be2 Bd7 26. Rg1 Rg8 27. Rg5
Rab8 28. h4 Rb2 29. h5 Rf8 30. e4 fxe4 31. f5 exf5 32. Rd6 Bb5 33. h6 Be8 34.
Rd8 Rxc2 35. Ke1 Rxe2+ 36. Kxe2 Bh5+ 37. Rxh5 Rxd8 38. Rxf5 Kg8 39. Rf6 Rf8 40.
Rxa6 Rf3 41. Rd6 Rd3 42. Rd7 Rxc3 43. Rxd5 Kf7 44. a4 Ke6 45. Rg5 Ra3 46. a5 c3
47. Ke3 c2+ 48. Kd2 Rc3 49. Kc1 Rc6 50. Rg2 Ke5 51. Rxc2 Rxh6 52. Kd1 Kd4 53.
Ke2 Rh2+ 54. Kd1 Rh1+ 55. Ke2 Ra1 56. Rd2+ Ke5 57. Rd7 Ra2+ 58. Ke3 Ra3+ 59.
Ke2 h6 60. Rh7 Ra2+ 61. Ke3 Ra3+ 62. Ke2 Ra1 63. Re7+ Kf5 64. Rh7 Kf4 65. Rf7+
Ke5 1/2-1/2

[Event "Lichtenberger Sommer 2016"]
[Site "?"]
[Date "2016.08.21"]
[Round "9.9"]
[White "Nötzel, Felix"]
[Black "Von Herman, Ulf"]
[Result "0-1"]
[WhiteElo "2212"]
[BlackElo "2340"]
[PlyCount "74"]
[EventDate "2016.??.??"]
[WhiteTeam "SF 1903 Berlin"]
[BlackTeam "SK König Tegel"]

1. e4 e6 2. d4 d5 3. Nd2 c5 4. c3 Nc6 5. Ngf3 cxd4 6. cxd4 dxe4 7. Nxe4 Bb4+ 8.
Nc3 Nf6 9. Bd3 O-O 10. O-O Be7 11. a3 Qd6 12. Bc2 Rd8 13. Be3 Bd7 14. Qd3 Be8
15. Rfe1 Rac8 16. Rad1 g6 17. Bb3 Na5 18. Ba2 Bc6 19. Ne5 Bd5 20. Bf4 Qa6 21.
Nxd5 Nxd5 22. Qxa6 bxa6 23. Bd2 Nc6 24. Nf3 Bf6 25. Be3 Nce7 26. Rc1 Nf5 27.
Bxd5 Rxc1 28. Rxc1 Rxd5 29. g3 Rb5 30. b4 a5 31. Rc5 Rxc5 32. dxc5 axb4 33.
axb4 a6 34. c6 Ne7 35. Bd4 Bxd4 36. Nxd4 e5 37. b5 exd4 0-1

[Event "Lichtenberger Sommer 2016"]
[Site "?"]
[Date "2016.08.21"]
[Round "9.10"]
[White "Stark, Ingo"]
[Black "Schneider, Christian"]
[Result "1-0"]
[WhiteElo "2183"]
[BlackElo "2220"]
[PlyCount "73"]
[EventDate "2016.??.??"]
[WhiteTeam "TSG Oberschöneweide"]
[BlackTeam "SG Stadtilm"]

1. e4 c5 2. Nf3 d6 3. d4 cxd4 4. Nxd4 Nf6 5. Nc3 a6 6. h3 e5 7. Nde2 h5 8. g3
Be7 9. Bg2 b5 10. Be3 Bb7 11. a3 Nbd7 12. O-O Nb6 13. b3 Rc8 14. a4 b4 15. a5
Nbd7 16. Nd5 Bxd5 17. exd5 Qc7 18. Qd2 O-O 19. Rfc1 Rb8 20. c3 bxc3 21. Rxc3
Qb7 22. Rb1 Bd8 23. Rc6 Qb5 24. Ra1 Nc5 25. Nc1 Nce4 26. Qc2 Qxd5 27. Ra4 h4
28. g4 Qb5 29. Bxe4 Nxe4 30. Rxe4 Re8 31. Rxd6 Bxa5 32. Rc4 Bb4 33. Rdc6 Qd5
34. Qd3 Qa5 35. Qf5 Rbd8 36. Rc8 Rd1+ 37. Kh2 1-0

[Event "Lichtenberger Sommer 2016"]
[Site "?"]
[Date "2016.08.21"]
[Round "9.11"]
[White "Schnabel, Ralf"]
[Black "Neumann, Thomas"]
[Result "1-0"]
[WhiteElo "2235"]
[BlackElo "2151"]
[PlyCount "167"]
[EventDate "2016.??.??"]
[WhiteTeam "ESV Nickelhütte Aue"]
[BlackTeam "Borussia Friedrichsfelde"]

1. e4 d5 2. exd5 Qxd5 3. Nc3 Qa5 4. d4 c6 5. Bc4 Bf5 6. Nf3 e6 7. Bd2 Nf6 8.
Nh4 Bg6 9. Qe2 Bb4 10. O-O-O Bxc3 11. Bxc3 Qg5+ 12. Kb1 Qxh4 13. Bxe6 O-O 14.
Bb3 Re8 15. Qf1 Ne4 16. Be1 Qf4 17. f3 Nf6 18. Bd2 Qd6 19. h4 h5 20. g4 Nbd7
21. Rg1 Nb6 22. gxh5 Nxh5 23. f4 Bf5 24. Rg5 g6 25. Qf3 Ng7 26. Rdg1 Qxd4 27.
Bc3 Qe4 28. Qg3 Nd5 29. h5 Nxf4 30. hxg6 Bxg6 31. Rxg6 Nxg6 32. Qxg6 Qxg6 33.
Rxg6 Kf8 34. Bxg7+ Ke7 35. Rf6 Rad8 36. a4 Rd7 37. Bxf7 Rf8 38. Bxf8+ Kxf6 39.
Bc4 b6 40. c3 Ke5 41. b4 Rd2 42. Bb3 Rf2 43. Bg7+ Kd6 44. Kc1 c5 45. bxc5+ bxc5
46. Bh6 Kc6 47. Bd2 Rh2 48. Kc2 Kb6 49. Kd3 Rg2 50. Bf4 Rg4 51. Be5 Rg5 52. Ke4
Kc6 53. Bd5+ Kb6 54. Bf7 Rg4+ 55. Kd5 Rg5 56. Be8 Rg8 57. Bb5 Rg5 58. Ke6 Rh5
59. Bf6 Rh6 60. Be8 Kb7 61. Ke5 Kc7 62. a5 Kb7 63. Be7 Rh1 64. Kd5 Ka6 65. Bxc5
Kxa5 66. Bxa7 Ka6 67. Bd4 Kb7 68. c4 Rd1 69. Kc5 Re1 70. Bc6+ Kc7 71. Bc3 Rd1
72. Be5+ Kc8 73. Kb6 Rb1+ 74. Bb5 Re1 75. Bd6 Rb1 76. Kc6 Ra1 77. c5 Ra3 78.
Bc4 Ra1 79. Be6+ Kd8 80. Bc7+ Ke7 81. Bc8 Ra8 82. Bf5 Ra1 83. Bb6 Rf1 84. Bc8
1-0

[Event "Lichtenberger Sommer 2016"]
[Site "?"]
[Date "2016.08.21"]
[Round "9.12"]
[White "Wirth, Heinz"]
[Black "Frohberg, Marco"]
[Result "1-0"]
[WhiteElo "1996"]
[BlackElo "2197"]
[PlyCount "33"]
[EventDate "2016.??.??"]
[WhiteTeam "SC Weisse Dame (Berlin)"]
[BlackTeam "Lübecker SV"]

1. e4 d5 2. exd5 Qxd5 3. Nc3 Qd6 4. d4 Nf6 5. Nf3 c6 6. h3 Nbd7 7. Bd3 e5 8.
Qe2 e4 9. Nxe4 Nxe4 10. Qxe4+ Qe7 11. O-O Qxe4 12. Bxe4 Nf6 13. Bd3 h6 14. Re1+
Be7 15. Bd2 Be6 16. Ne5 O-O-O 17. Nxf7 1-0

[Event "Lichtenberger Sommer 2016"]
[Site "?"]
[Date "2016.08.21"]
[Round "9.13"]
[White "Goldenstein, Arnd"]
[Black "Kohler, Thomas"]
[Result "1/2-1/2"]
[WhiteElo "2016"]
[BlackElo "2184"]
[PlyCount "51"]
[EventDate "2016.??.??"]
[WhiteTeam "Klub Kölner SF"]
[BlackTeam "SC Zitadelle Spandau"]

1. d4 Nf6 2. c4 c5 3. d5 e6 4. Nc3 exd5 5. cxd5 d6 6. e4 g6 7. f4 Bg7 8. Bb5+
Nfd7 9. Nf3 a6 10. Be2 O-O 11. O-O Re8 12. a4 Nf6 13. f5 Nbd7 14. fxg6 hxg6 15.
Bg5 Qb6 16. Qc2 Ng4 17. a5 Qa7 18. Bc4 b5 19. axb6 Qxb6 20. Kh1 Rb8 21. b3 Nde5
22. Nxe5 Nxe5 23. Qf2 Qc7 24. Rac1 Rb4 25. Na2 Rb6 26. Qh4 1/2-1/2

[Event "Lichtenberger Sommer 2016"]
[Site "?"]
[Date "2016.08.21"]
[Round "9.14"]
[White "Böhm, Jürgen"]
[Black "Stiemerling, Wilfried"]
[Result "1-0"]
[WhiteElo "2168"]
[BlackElo "2117"]
[PlyCount "27"]
[EventDate "2016.??.??"]
[WhiteTeam "SF Brackel"]
[BlackTeam "BSG Pneumant Fürstenwalde"]

1. d4 e6 2. e4 d5 3. Nc3 Nf6 4. Bg5 Be7 5. e5 Nfd7 6. h4 O-O 7. Qh5 c5 8. Nf3
f5 9. Nb5 Nc6 10. c3 a6 11. Bxe7 Qxe7 12. Nd6 Nf6 13. exf6 Qxd6 14. Ng5 1-0

[Event "Lichtenberger Sommer 2016"]
[Site "?"]
[Date "2016.08.21"]
[Round "9.15"]
[White "Krefenstein, Sergej"]
[Black "Federau, Jürgen"]
[Result "1-0"]
[WhiteElo "2187"]
[BlackElo "2094"]
[PlyCount "101"]
[EventDate "2016.??.??"]
[WhiteTeam "TuS Makkabi Berlin"]
[BlackTeam "SC Kreuzberg"]

1. e4 c5 2. Nc3 Nc6 3. g3 g6 4. Bg2 Bg7 5. d3 e6 6. Be3 d6 7. Qd2 Rb8 8. Nge2
Nd4 9. Bxd4 cxd4 10. Nb5 Qb6 11. Qb4 Ke7 12. a3 a5 13. Qb3 a4 14. Qb4 e5 15. c4
Ra8 16. O-O Nh6 17. b3 axb3 18. Qxb3 Bd7 19. Nbxd4 Qxb3 20. Nxb3 Ra6 21. Ra2
Rha8 22. Rfa1 Ba4 23. Nd2 Ng8 24. Nc3 Kd8 25. Ndb1 Bc6 26. a4 Nf6 27. Bh3 Nd7
28. Bxd7 Bxd7 29. Nb5 Bf6 30. N1c3 Bxb5 31. cxb5 Ra5 32. Nd5 Be7 33. Nb6 Rb8
34. Rc1 Ke8 35. Kg2 Ra7 36. Rc4 f5 37. h4 Bd8 38. Rc8 Rxc8 39. Nxc8 Ra8 40.
Nxd6+ Kd7 41. Nc4 Ke6 42. Kf3 Be7 43. Nb6 Rd8 44. Nd5 Bc5 45. a5 Rd7 46. a6
bxa6 47. Rxa6+ Kf7 48. Rc6 Bd6 49. b6 Bb8 50. Ke3 Kg7 51. Rc7 1-0

[Event "Lichtenberger Sommer 2016"]
[Site "?"]
[Date "2016.08.21"]
[Round "9.17"]
[White "Moser, Axel"]
[Black "Kapr, Klaus"]
[Result "1-0"]
[WhiteElo "2137"]
[BlackElo "1990"]
[PlyCount "37"]
[EventDate "2016.??.??"]
[WhiteTeam "SK Handschuhsheim"]
[BlackTeam "SC Friesen Lichtenberg"]

1. d4 d5 2. c4 Nc6 3. e3 Nf6 4. cxd5 Nxd5 5. e4 Nb6 6. Be3 e5 7. d5 Bb4+ 8. Nc3
Ne7 9. Nf3 Ng6 10. a3 Bd6 11. h4 h6 12. Qd2 f5 13. Bb5+ Kf7 14. h5 Ne7 15.
O-O-O Rf8 16. Bxh6 gxh6 17. Qxh6 Rh8 18. Ng5+ Kg8 19. Qxh8+ 1-0

[Event "Lichtenberger Sommer 2016"]
[Site "?"]
[Date "2016.08.21"]
[Round "9.18"]
[White "Gallien, Fabian"]
[Black "Rietze, Clemens"]
[Result "0-1"]
[WhiteElo "2146"]
[BlackElo "2368"]
[PlyCount "82"]
[EventDate "2016.??.??"]
[WhiteTeam "SW Lichtenrade"]
[BlackTeam "SC Rotation Pankow"]

1. d4 f5 2. Bg5 g6 3. Nc3 Bg7 4. e4 fxe4 5. Nxe4 d5 6. Ng3 c5 7. Nf3 Nc6 8.
dxc5 Bxb2 9. Rb1 Bg7 10. Bb5 Nh6 11. O-O Nf7 12. h4 O-O 13. h5 Nxg5 14. Nxg5 e5
15. Nxh7 Kxh7 16. hxg6+ Kg8 17. Qh5 Rf6 18. Qh7+ Kf8 19. Nh5 Qe7 20. f4 e4 21.
Bxc6 Rxc6 22. Nxg7 Qxg7 23. Qxg7+ Kxg7 24. f5 b6 25. Rb3 Ba6 26. Rf4 Rh8 27.
cxb6 Rxb6 28. Rc3 Bc4 29. Kf2 Kf6 30. Kg3 Rh5 31. Rg4 Rb7 32. g7 Rxg7 33. Rxg7
Kxg7 34. Kf4 Rh1 35. Rg3+ Kf6 36. Rg6+ Kf7 37. g4 Rf1+ 38. Ke5 e3 39. Rf6+ Ke7
40. Re6+ Kd7 41. Kf6 e2 0-1

[Event "Lichtenberger Sommer 2016"]
[Site "?"]
[Date "2016.08.21"]
[Round "9.19"]
[White "Rudakov, Aleksandr"]
[Black "Jahn, Thomas"]
[Result "1-0"]
[WhiteElo "2242"]
[BlackElo "2195"]
[PlyCount "51"]
[EventDate "2016.??.??"]
[WhiteTeam "Perovo Moscow"]
[BlackTeam "SV Empor Berlin"]

1. e4 e5 2. Nf3 Nc6 3. Bb5 Nd4 4. Nxd4 exd4 5. O-O c6 6. Bc4 Nf6 7. e5 d5 8.
Bb3 Ne4 9. d3 Nc5 10. f4 Qh4 11. Nd2 Bg4 12. Nf3 Bxf3 13. Qxf3 f5 14. c4 dxc3
15. bxc3 Ne6 16. Be3 Bc5 17. d4 Bb6 18. a4 Qd8 19. g4 g6 20. gxf5 gxf5 21. Qh5+
Kd7 22. Qxf5 Qg8+ 23. Kh1 Qg6 24. Qh3 Qe4+ 25. Qf3 Qxf3+ 26. Rxf3 1-0

[Event "Lichtenberger Sommer 2016"]
[Site "?"]
[Date "2016.08.21"]
[Round "9.20"]
[White "Kapp, Martin"]
[Black "Böhm, Uwe"]
[Result "1/2-1/2"]
[WhiteElo "2305"]
[BlackElo "2138"]
[PlyCount "81"]
[EventDate "2016.??.??"]
[WhiteTeam "ESV Lok Raw Cottbus"]
[BlackTeam "SK Siemens München"]

1. d4 e6 2. c4 f5 3. g3 Nf6 4. Bg2 c6 5. Nh3 d5 6. b3 Bd6 7. O-O Qe7 8. a4 a5
9. Nd2 O-O 10. Nf3 Nbd7 11. Nf4 b6 12. Nd3 Ba6 13. Nfe5 Rac8 14. Bg5 Qe8 15.
Rc1 Ne4 16. Bf4 Nxe5 17. Bxe5 Bxe5 18. Nxe5 Qe7 19. c5 b5 20. Qd3 Qb7 21. f3 b4
22. Qe3 Nf6 23. Rfe1 Qc7 24. Rcd1 Rce8 25. g4 Bc8 26. Qg5 Nd7 27. f4 Nxe5 28.
fxe5 Qe7 29. Qxe7 Rxe7 30. gxf5 exf5 31. h4 g6 32. Kf2 h6 33. e3 Be6 34. Rg1
Kh7 35. Bf1 Rg7 36. Bd3 Rff7 37. Rdf1 Rg8 38. Ke1 Kh8 39. Rg3 Kh7 40. Rfg1 Re7
41. Be2 1/2-1/2

[Event "Lichtenberger Sommer 2016"]
[Site "?"]
[Date "2016.08.21"]
[Round "9.21"]
[White "Hansch, Karsten"]
[Black "Hahlbohm, Matthias"]
[Result "1/2-1/2"]
[WhiteElo "2265"]
[BlackElo "2101"]
[PlyCount "76"]
[EventDate "2016.??.??"]
[WhiteTeam "SC Empor Potsdam"]
[BlackTeam "TSG Oberschöneweide"]

1. c4 Nf6 2. g3 c6 3. Bg2 d5 4. Nf3 g6 5. b3 Bg7 6. Bb2 O-O 7. O-O Nbd7 8. d3
Re8 9. Nbd2 e5 10. cxd5 cxd5 11. e4 d4 12. Nc4 Bf8 13. Ba3 Bxa3 14. Nxa3 Nb8
15. Qd2 Nc6 16. Rac1 Bg4 17. h3 Bxf3 18. Bxf3 Qe7 19. Nc2 Kg7 20. Bg2 Nd7 21.
f4 f6 22. h4 h6 23. f5 g5 24. Bf3 Rec8 25. Rf2 Rc7 26. hxg5 hxg5 27. Nb4 Nb6
28. Nxc6 Rxc6 29. Rxc6 bxc6 30. Qc1 c5 31. Rc2 Rc8 32. Bh5 Nd7 33. Qa3 Nb6 34.
Bg6 Qc7 35. Qc1 Qe7 36. Kg2 Qd6 37. Kf3 Qe7 38. Kg4 Qc7 1/2-1/2

[Event "Lichtenberger Sommer 2016"]
[Site "?"]
[Date "2016.08.21"]
[Round "9.22"]
[White "Rehberg, Raphael"]
[Black "Poseck, Steffen"]
[Result "1-0"]
[WhiteElo "2248"]
[BlackElo "2039"]
[PlyCount "55"]
[EventDate "2016.??.??"]
[WhiteTeam "SG Lok Brandenburg"]
[BlackTeam "BSV 63 Chemie Weißensee"]

1. e4 e6 2. b3 c5 3. Bb2 Nc6 4. Nf3 d6 5. Bb5 Bd7 6. O-O a6 7. Bxc6 Bxc6 8. Re1
e5 9. c3 Ne7 10. d4 Ng6 11. dxe5 dxe5 12. Qe2 Qc7 13. c4 Rd8 14. Qf1 b5 15. Nc3
b4 16. Nd5 Bxd5 17. cxd5 a5 18. Qb5+ Rd7 19. a3 bxa3 20. Rxa3 Bd6 21. Qxa5 O-O
22. Qxc7 Rxc7 23. Ra6 Rd8 24. Nd2 Rb7 25. Re3 Kf8 26. Nc4 Ke7 27. Ba3 Rb5 28.
g3 1-0

[Event "Lichtenberger Sommer 2016"]
[Site "?"]
[Date "2016.08.21"]
[Round "9.23"]
[White "Albert, Jörg"]
[Black "Vogel, Robert"]
[Result "1/2-1/2"]
[WhiteElo "2149"]
[BlackElo "2215"]
[PlyCount "82"]
[EventDate "2016.??.??"]
[WhiteTeam "SV Eiche Reichenbrand"]
[BlackTeam "SG Pang-Rosenheim"]

1. d4 Nf6 2. Nf3 g6 3. e3 Bg7 4. c4 O-O 5. Nc3 c5 6. Be2 d5 7. O-O cxd4 8. exd4
Nc6 9. Re1 Bf5 10. Bg5 dxc4 11. Bxc4 Rc8 12. Bf1 h6 13. Bh4 g5 14. Bg3 Nh5 15.
Be5 Nxe5 16. Nxe5 Nf4 17. Qf3 Be6 18. g3 Nd5 19. Bd3 Nb4 20. Be4 Qxd4 21. Rad1
Qb6 22. Nd7 Bxd7 23. Rxd7 Qf6 24. Rxb7 Qxf3 25. Bxf3 Nd3 26. Rexe7 Nxb2 27. Ne4
Nd3 28. Bh5 Rc1+ 29. Kg2 Ne5 30. Nd6 Bf6 31. Rec7 Rxc7 32. Rxc7 a5 33. f4 gxf4
34. gxf4 Ng6 35. Kf3 Bd8 36. Rd7 Bg5 37. h4 Bxf4 38. Nxf7 Rxf7 39. Rxf7 Kxf7
40. Bxg6+ Kxg6 41. Kxf4 Kf6 1/2-1/2

[Event "Lichtenberger Sommer 2016"]
[Site "?"]
[Date "2016.08.21"]
[Round "9.24"]
[White "Kather, Yannick"]
[Black "Pluska, Alexander"]
[Result "1/2-1/2"]
[WhiteElo "2037"]
[BlackElo "2116"]
[PlyCount "57"]
[EventDate "2016.??.??"]
[WhiteTeam "SC Weisse Dame (Berlin)"]
[BlackTeam "SK Doppelbauer Kiel"]

1. e4 c5 2. c3 Nf6 3. e5 Nd5 4. d4 cxd4 5. cxd4 d6 6. Nf3 Bg4 7. Qb3 Bxf3 8.
Qxf3 e6 9. Nc3 dxe5 10. Bb5+ Nc6 11. dxe5 Bb4 12. O-O O-O 13. Bxc6 bxc6 14. Ne4
Qc7 15. Qg3 Kh8 16. Bg5 Rab8 17. Rac1 Be7 18. b3 Bxg5 19. Qxg5 Rb4 20. Nc5 h6
21. Qg3 Rd4 22. Rfd1 Rxd1+ 23. Rxd1 Qa5 24. Na4 Nb6 25. Qc3 Qxc3 26. Nxc3 Nd5
27. Ne4 Rb8 28. Rc1 Nb4 29. g3 1/2-1/2

[Event "Lichtenberger Sommer 2016"]
[Site "?"]
[Date "2016.08.21"]
[Round "9.25"]
[White "Kötz, Andreas"]
[Black "Hermannsdörfer, Frank"]
[Result "0-1"]
[WhiteElo "2027"]
[BlackElo "2188"]
[PlyCount "72"]
[EventDate "2016.??.??"]
[WhiteTeam "SC Zitadelle Spandau"]
[BlackTeam "SV Liebschwitz"]

1. d4 d6 2. c4 Nf6 3. Nc3 Bf5 4. Nf3 Nbd7 5. Nh4 Bg6 6. g3 e5 7. Bg2 c6 8. O-O
Be7 9. Bg5 Qb6 10. dxe5 dxe5 11. b3 Nc5 12. Nxg6 hxg6 13. Qc2 Ne6 14. Be3 Qc7
15. h3 O-O 16. Qb2 Nh5 17. Rad1 f5 18. Nd5 cxd5 19. Bxd5 Kf7 20. g4 Nf6 21.
gxf5 gxf5 22. Bxe6+ Kxe6 23. Qc2 f4 24. c5 Qc6 25. b4 Qe4 26. Qb3+ Kf5 27. Bc1
a5 28. a3 axb4 29. axb4 Rad8 30. f3 Qxe2 31. Qb1+ Ke6 32. Qb3+ Nd5 33. Rfe1 Qb5
34. Bb2 Rf5 35. Bc3 Bxc5+ 36. Kh2 Be3 0-1

[Event "Lichtenberger Sommer 2016"]
[Site "?"]
[Date "2016.08.21"]
[Round "9.26"]
[White "Jaeschke, Jens-Uwe"]
[Black "Teichert, Felix"]
[Result "1/2-1/2"]
[WhiteElo "2144"]
[BlackElo "1774"]
[PlyCount "34"]
[EventDate "2016.??.??"]
[WhiteTeam "SF Nordost Berlin"]
[BlackTeam "Leegebrucher SF"]

1. e4 d5 2. exd5 Nf6 3. Bb5+ Bd7 4. Be2 Nxd5 5. d4 Nc6 6. c4 Nf6 7. d5 Ne5 8.
Nc3 e6 9. Qd4 Ng6 10. Nf3 exd5 11. cxd5 Be7 12. O-O O-O 13. h3 Re8 14. Be3 Bd6
15. Nb5 Bxb5 16. Bxb5 Re4 17. Qd2 Nxd5 1/2-1/2

[Event "Lichtenberger Sommer 2016"]
[Site "?"]
[Date "2016.08.21"]
[Round "9.28"]
[White "Hansch, Stephan"]
[Black "Schmidt, Jürgen"]
[Result "1-0"]
[WhiteElo "2126"]
[BlackElo "1944"]
[PlyCount "65"]
[EventDate "2016.??.??"]
[WhiteTeam "SC Empor Potsdam"]
[BlackTeam "SC Kreuzberg"]

1. d4 d5 2. c4 c6 3. Nf3 Nf6 4. Nc3 e6 5. cxd5 exd5 6. Bg5 Be7 7. e3 Bf5 8. Bd3
Bxd3 9. Qxd3 Nbd7 10. O-O O-O 11. Rab1 Ne4 12. Bxe7 Qxe7 13. b4 a6 14. a4 g5
15. Nd2 f5 16. Ndxe4 fxe4 17. Qe2 Rf5 18. b5 axb5 19. axb5 c5 20. f3 cxd4 21.
exd4 Ra3 22. Rbc1 Qb4 23. Qd2 Nf6 24. fxe4 Rxf1+ 25. Rxf1 h6 26. Qf2 Qe7 27.
Qxf6 Qxf6 28. Rxf6 Rxc3 29. exd5 Kg7 30. Rb6 Rc7 31. Kf2 Rd7 32. Ke3 h5 33. Ke4
1-0

[Event "Lichtenberger Sommer 2016"]
[Site "?"]
[Date "2016.08.21"]
[Round "9.29"]
[White "Voigt, Ingo"]
[Black "Schiffer, Stefan"]
[Result "1/2-1/2"]
[WhiteElo "1967"]
[BlackElo "2237"]
[PlyCount "28"]
[EventDate "2016.??.??"]
[WhiteTeam "BSV 63 Chemie Weißensee"]
[BlackTeam "Brühler SK"]

1. Nf3 Nc6 2. g3 e5 3. d3 g6 4. Bg2 Bg7 5. O-O Nge7 6. e4 O-O 7. c3 d5 8. Qc2
Kh8 9. b4 a6 10. Bb2 f5 11. Nbd2 Be6 12. a3 Qe8 13. exd5 Bxd5 14. c4 Bxf3
1/2-1/2

[Event "Lichtenberger Sommer 2016"]
[Site "?"]
[Date "2016.08.21"]
[Round "9.31"]
[White "Roth, Josef"]
[Black "Oginski, Ulrich"]
[Result "1/2-1/2"]
[WhiteElo "2091"]
[BlackElo "1769"]
[PlyCount "44"]
[EventDate "2016.??.??"]
[WhiteTeam "SK König Tegel"]
[BlackTeam "SC Weisse Dame (Berlin)"]

1. e4 c5 2. Nf3 d6 3. d4 cxd4 4. Nxd4 Nf6 5. Nc3 e6 6. f3 Be7 7. Be3 a6 8. Qd2
Qc7 9. O-O-O O-O 10. g4 Nc6 11. h4 b5 12. Nxc6 Qxc6 13. Bd3 Bb7 14. h5 Nd7 15.
Ne2 Qc7 16. Nd4 Ne5 17. Kb1 d5 18. Bf4 dxe4 19. fxe4 Rfd8 20. Nf3 Nxf3 21. Bxc7
Nxd2+ 22. Rxd2 Rd7 1/2-1/2

[Event "Lichtenberger Sommer 2016"]
[Site "?"]
[Date "2016.08.21"]
[Round "9.32"]
[White "Freimuth, Dominik Stefan"]
[Black "Schliebener, Stephan"]
[Result "1-0"]
[WhiteElo "1838"]
[BlackElo "2207"]
[PlyCount "65"]
[EventDate "2016.??.??"]
[WhiteTeam "SF Birkenfeld"]
[BlackTeam "BSV 63 Chemie Weißensee"]

1. e4 c5 2. Nc3 Nc6 3. d3 g6 4. g3 Bg7 5. Bg2 Rb8 6. Be3 d6 7. a4 e6 8. Nge2
Nge7 9. O-O a6 10. f4 O-O 11. g4 Nd4 12. Ng3 b5 13. Qd2 b4 14. Nd1 f5 15. Nf2
d5 16. Rab1 dxe4 17. dxe4 Qa5 18. c3 Rd8 19. cxd4 cxd4 20. Rfd1 Bb7 21. b3 Qb6
22. Nd3 dxe3 23. Qxb4 Qa7 24. Qxe7 e2+ 25. Kh1 exd1=Q+ 26. Rxd1 Re8 27. Qd7
Rbd8 28. Qc7 Qa8 29. gxf5 exf5 30. Bf3 Rc8 31. Qd7 fxe4 32. Nh5 gxh5 33. Rg1
1-0

[Event "Lichtenberger Sommer 2016"]
[Site "?"]
[Date "2016.08.21"]
[Round "9.33"]
[White "Werner, Justus"]
[Black "Zschäbitz, Klaus"]
[Result "1/2-1/2"]
[WhiteElo "1937"]
[BlackElo "2077"]
[PlyCount "108"]
[EventDate "2016.??.??"]
[WhiteTeam "SG Stadtilm"]
[BlackTeam "Berliner SchGes Eckbauer"]

1. c4 e5 2. Nc3 Nc6 3. g3 Bc5 4. Bg2 a6 5. e3 d6 6. Nge2 Ba7 7. d4 h5 8. b3 h4
9. Bb2 Nh6 10. Bxc6+ bxc6 11. dxe5 Bg4 12. exd6 Bf3 13. Rg1 cxd6 14. Qd3 Qf6
15. O-O-O Rd8 16. Rd2 Ng4 17. Nf4 Ne5 18. Qc2 h3 19. Nce2 Bxe2 20. Rxe2 Qe7 21.
Bxe5 dxe5 22. Nd3 e4 23. Nb2 Rh6 24. Rd1 Rxd1+ 25. Qxd1 Rd6 26. Rd2 Bc5 27. Na4
Ba3+ 28. Kc2 Rxd2+ 29. Qxd2 Qf6 30. Nc3 Qf3 31. Nd1 f5 32. Qa5 Qe2+ 33. Qd2 Qf1
34. Qc3 Kf7 35. Qd4 Kg6 36. Qd7 Qe2+ 37. Qd2 Qf1 38. Qd7 Qe2+ 39. Qd2 Qh5 40.
Qa5 Be7 41. Kd2 Qh8 42. Qc7 Bb4+ 43. Kc2 Qe8 44. Nc3 Kh7 45. Ne2 Qh5 46. Kd1
Qf3 47. Qf4 Qh1+ 48. Kc2 g6 49. Qc7+ Kg8 50. Qxc6 Qe1 51. Qxg6+ Kh8 52. Qh6+
Kg8 53. Qe6+ Kg7 54. Qd7+ Kg8 1/2-1/2

[Event "Lichtenberger Sommer 2016"]
[Site "?"]
[Date "2016.08.21"]
[Round "9.34"]
[White "Mai, Andreas"]
[Black "Schubert, Joachim"]
[Result "1/2-1/2"]
[WhiteElo "2014"]
[BlackElo "1889"]
[PlyCount "122"]
[EventDate "2016.??.??"]
[WhiteTeam "SC Friesen Lichtenberg"]
[BlackTeam "SC Friesen Lichtenberg"]

1. e4 c5 2. Nc3 d6 3. g3 Nc6 4. Bg2 Nf6 5. Nge2 e6 6. O-O Be7 7. d3 O-O 8. f4
a6 9. h3 Qc7 10. Qe1 Rb8 11. a3 b5 12. g4 Nd4 13. Qd1 Bb7 14. Be3 e5 15. Ng3
exf4 16. Bxf4 b4 17. Nce2 Ne6 18. Be3 g6 19. Bh6 Rfc8 20. Nf4 d5 21. exd5 Nxd5
22. Nxd5 Bxd5 23. Ne4 Bxe4 24. dxe4 Bd6 25. axb4 Rd8 26. Kh1 Be5 27. Qf3 cxb4
28. Rxa6 Nd4 29. Qf2 Rd7 30. Bf4 Bxf4 31. Qxf4 Qxf4 32. Rxf4 Nxc2 33. Rf2 Ne1
34. Rc6 Rd1 35. Rf1 Rbd8 36. Rcf6 Nxg2 37. Kxg2 R8d7 38. Rxd1 Rxd1 39. Rf2 Kf8
40. Kf3 Rd3+ 41. Kg2 Ke7 42. h4 f6 43. h5 Ke6 44. hxg6 hxg6 45. Rf3 Rd1 46. Rb3
Rd4 47. Kf3 Ke5 48. Re3 Rc4 49. Re2 g5 50. Re3 Kd4 51. Rb3 Kc5 52. Rd3 Rc1 53.
b3 Rf1+ 54. Kg3 Rc1 55. Kf3 Rc2 56. Ke3 Kc6 57. Rd4 Rc3+ 58. Rd3 Rc2 59. Rd4
Kc5 60. Rd5+ Kc6 61. Rd4 Rc3+ 1/2-1/2